000
00354 a2200169 4500
001
161469
020
_a
85-322-1977-2
040
_c
Magnum
100
_a
Galdino, Luiz
240
1
0
_a
Órfãos do silêncio
_l
por
245
1
0
_a
Órfãos do silêncio
300
_a
94
362
0
_a
1996
440
1
_a
FTD
697
_a
LITERATURA JUVENIL
942
_c
BK
999
_c
161469
_d
161469